| 000 | 01010nam a2200193 a 4500 | ||
|---|---|---|---|
| 008 | 140415s2012 ||||||||||||||||| || u | ||
| 020 | _a9780199754557 | ||
| 050 | _aRA 651 Rot | ||
| 100 | _aRothman, Kenneth J | ||
| 245 | 1 | 0 |
_aEpildemiology: an introduction. (2nd ed.) _cby Kenneth, J. Rothman. |
| 250 | _a2nd ed. | ||
| 260 |
_aNew York: _bOxford University Press _c2012 |
||
| 300 | _aviii, 268p.; ill | ||
| 650 | _aEPIDEMIOLOGY | ||
| 650 | 3 | _aEPIDEMIOLOGIC METHODS | |
| 995 |
_aMEDICAL LIBRARY OPEN ACCESS _e902410 _FCBU-SCHOOL OF MEDICINE LIBRARY (Ndola) _jRA 651 Rot _M1 _UAVAILABLE _WApr 16, 2014 _y902410 _ZMedical Library Open Access Collection |
||
| 995 |
_aMEDICAL LIBRARY OPEN ACCESS _e902411 _FCBU-SCHOOL OF MEDICINE LIBRARY (Ndola) _jRA 651 Rot _M2 _UAVAILABLE _WApr 16, 2014 _y902411 _ZMedical Library Open Access Collection |
||
| 995 |
_aMICHAEL CHILUFYA SATA OPEN ACCESS _e902412 _FCBU-SCHOOL OF MEDICINE LIBRARY (Ndola) _jRA 651 Rot _M3 _UAVAILABLE _WApr 16, 2014 _y902412 _ZMedical Library Open Access Collection |
||
| 999 |
_c63819 _d63819 |
||